Θεσσαλονίκη "Η πόλη το 2000" : μελέτη περιβαλλοντικών συνθηκών στο Π. Σ. Θεσ/νίκης και στην ευρύτερη περιοχή του : πτυχιακή εργασία

Saved in:
Bibliographic Details
Main Author: Τζήκαλος, Νικόλαος
Corporate Author: Πανεπιστήμιο Αιγαίου. Σχολή Περιβάλλοντος. Τμήμα Περιβάλλοντος
Format: Thesis Book
Language:Greek
Published: 1998.
Subjects:
Online Access:http://hdl.handle.net/11610/10061
Tags: Add Tag
No Tags, Be the first to tag this record!

MARC

LEADER 00000cam a2200000 i 4500
001 1/6729
008 000616s1998 gr | ||| |||| ||gre||
035 |l 10062035 
040 |a GR-MyUa  |b gre  |e AACR2 
041 0 |a gre 
082 7 |a 307.76   |2 (22) 
100 1 |a Τζήκαλος, Νικόλαος. 
245 1 0 |a Θεσσαλονίκη "Η πόλη το 2000" :   |b μελέτη περιβαλλοντικών συνθηκών στο Π. Σ. Θεσ/νίκης και στην ευρύτερη περιοχή του : πτυχιακή εργασία /   |c Τζήκαλος Νικόλαος. 
260 |c 1998. 
300 |a viii, 367 σ. :   |b εικ., πιν. ;   |c 30 εκ. 
500 |a Επιτροπή: Νικόλαος Βερνίκος,Νικόλαος Παρπαϊρης, Γιάννης Χατζόπουλος. 
502 |a Πτυχιακή εργασία – Πανεπιστήμιο Αιγαίου, Λέσβος, 1998. 
504 |a Περιέχει βιβλιογραφία. 
650 0 0 |a Cities and towns. 
650 0 0 |a Metropolitan areas. 
650 0 |a Urban ecology  |z Greece  |z Thessalonike. 
650 0 0 |a Dissertations, Academic  |z Greece. 
651 0 |a Thessalonike (Greece) 
700 1 |a Βερνίκος, Νικόλας,   |d 1938-  |e dgs 
710 2 |a Πανεπιστήμιο Αιγαίου.   |b Σχολή Περιβάλλοντος.   |b Τμήμα Περιβάλλοντος. 
852 |a INST  |b LESVOS  |c DIATR  |e 20000616  |h 439  |p 005100025917  |q 005100025917  |t DIE  |y 23 
852 |a INST  |b LESVOS  |c DIATR  |e 20000616  |h 440  |p 005100025914  |q 005100025914  |t DIE  |y 23 
856 |u http://hdl.handle.net/11610/10061 
901 |a BIBL1-2000-2 
924 |a Τζήκαλος  |b Νικόλαος  |y Λέσβος  |z 1998 
970 |a ΑΙΒΑΤΖΙΔΟΥ  |b ΕΛΕΝΗ  |z 2000/06/16